000
00242nam a2200097Ia 4500
001
1207634
005
20250827022830.0
008
250824s9999 xx 000 0 und d
245
0
_a
ZENCİ MUSA
_c
İSMAİL BİLGİN
260
_b
TİMAŞ YAYINLARI
999
_c
1207634
_d
1207634